Rozsypanka literowa- największe miasta na świecie - Statystyki

Ogólne statystyki
  • Ten quiz został rozwiązany 155 razy
  • Średni wynik to 12 z 15
Statystyki odpowiedzi
rozsypanka miasto % Poprawnych
owyn jork Nowy Jork
99%
smekyk Meksyk
98%
uenobs iares Buenos Aires
93%
usel Seul
93%
ekpin Pekin
92%
oas pualo Sao Paulo
90%
oitko Tokio
86%
jabomb Bombaj
83%
kari Kair
82%
hajsazng Szanghaj
81%
lgaos Lagos
78%
lhide Delhi
74%
koasa Osaka
57%
hakda Dhaka
51%
natonk Kanton
40%
Nie znaleziono quizów pasujących do podanych kryteriów
Rozkład punktacji
Procent ludzi z każdym wynikiem
Percentyl według liczby udzielonych odpowiedzi
Twoja historia wyników
Nie rozwiązałeś tego quizu